Govt. of
Madhya Pradesh

The Ramayana inf Bengali Folk Painting (Record no. 63284)

MARC details
000 -LEADER
fixed length control field 00268nam a22001097a 4500
082 ## - DEWEY DECIMAL CLASSIFICATION NUMBER
Classification number 294
100 ## - MAIN ENTRY--AUTHOR NAME
Personal name Bose, Mandakranta
245 ## - TITLE STATEMENT
Title The Ramayana inf Bengali Folk Painting
260 ## - PUBLICATION, DISTRIBUTION, ETC. (IMPRINT)
Place of publication Delhi
Name of publisher Niyogi Books
Year of publication 2107
650 ## - SUBJECT ADDED ENTRY--TOPICAL TERM
Topical Term Religion
942 ## - ADDED ENTRY ELEMENTS (KOHA)
Koha item type Books
Holdings
Withdrawn status Lost status Damaged status Not for loan Home library Current library Date acquired Cost, normal purchase price Full call number Accession Number Price effective from Koha item type
        MACL MACL 18/09/2020 795.00 294 CRE037365 18/09/2020 Books